00470nam a2200169Ia 4500008004100000041001200041082001900053100001800072245005000090365000900140520001300149546001200162630005000174650001300224655001300237730005000250101110s9999 xx 000 0 und d aENGLISH bSR10841a650.7 aAtthreya N.H. aThe you and I in Business - What makes people b19.5 aCommerce aENGLISH aThe you and I in Business - What makes people aCommerce aCommerce aThe you and I in Business - What makes people